000 01226nam a2200289 a 4500
001 ebr10490866
003 CaPaEBR
006 m u
007 cr cn|||||||||
008 110914s2011 enka s 001 0 eng d
020 _z9781849681902
020 _z9781849681919 (e-book)
040 _aCaPaEBR
_cCaPaEBR
035 _a(OCoLC)754718121
050 1 4 _aQA76.9.C55
_bW43 2011eb
100 1 _aWeare, Kent.
245 1 0 _aMicrosoft BizTalk 2010
_h[electronic resource] :
_bline of business systems integration : a practical guide to integrating line of business systems with BizTalk Server 2010 /
_cKent Weare ... [et al.].
260 _aOlton, Birmingham, U.K. :
_bPackt Pub.,
_c2011.
300 _avi, 513 p. :
_bill. (some col.)
500 _aIncludes index.
533 _aElectronic reproduction.
_bPalo Alto, Calif. :
_cebrary,
_d2011.
_nAvailable via World Wide Web.
_nAccess may be limited to ebrary affiliated libraries.
630 0 0 _aMicrosoft BizTalk server.
650 0 _aClient/server computing.
655 7 _aElectronic books.
_2local
710 2 _aebrary, Inc.
856 4 0 _uhttp://site.ebrary.com/lib/rucke/Doc?id=10490866
_zAn electronic book accessible through the World Wide Web; click to view
999 _c126773
_d126773